Типовой тест по русскому языку как иностранному: Первый сертификационный уровень. Общее владение. Второй вариант

Detalles Bibliográficos
Otros Autores: Андрюшина Н. П., Битехтина Н. П., Владимирова Г. А., Клобукова Т. Е., Красильникова Л. В., Нахабина М. М., Степаненко В. А.
Sumario:Издание является частью официального комплекса материалов Российской государственной системы тестирования граждан зарубежных стран по русскому языку, включающей помимо типовых тестов Лексические минимумы и Требования. Кроме того, для 1 —3 уровней владения русским языком в комплекс входят также профессионально ориентирован ные модули (тесты и стандарты). Типовой тест может использоваться при подготовке к экзаменам на сертификат соответствующего уровня. Предназначен для преподавателей, авторов учебных пособий, администрации вузов и учреждений довузовского обучения, специалистов в области международного образования.
Lenguaje:ruso
Publicado: Санкт-Петербург, Златоуст, 2015
Edición:7-е изд.
Colección:Российская государственная система тестирования граждан зарубежных стран по русскому языку
Materias:
Formato: Libro
KOHA link:https://koha.lib.tpu.ru/cgi-bin/koha/opac-detail.pl?biblionumber=305997

MARC

LEADER 00000nam0a2200000 4500
001 305997
005 20231102001844.0
010 |a 9785865477518 
035 |a (RuTPU)RU\TPU\book\331273 
035 |a RU\TPU\book\249883 
090 |a 305997 
100 |a 20151002d2015 m y0rusy50 ca 
101 0 |a rus 
102 |a RU 
105 |a y j 000zy 
200 1 |a Типовой тест по русскому языку как иностранному  |e Первый сертификационный уровень. Общее владение. Второй вариант  |f Н. П. Андрюшина [и др.] 
205 |a 7-е изд. 
210 |a Санкт-Петербург  |c Златоуст  |a Москва  |c ЦМО МГУ  |d 2015 
215 |a 79 с.  |e CD-ROM 
225 1 |a Российская государственная система тестирования граждан зарубежных стран по русскому языку 
330 |a Издание является частью официального комплекса материалов Российской государственной системы тестирования граждан зарубежных стран по русскому языку, включающей помимо типовых тестов Лексические минимумы и Требования. Кроме того, для 1 —3 уровней владения русским языком в комплекс входят также профессионально ориентирован ные модули (тесты и стандарты). Типовой тест может использоваться при подготовке к экзаменам на сертификат соответствующего уровня. Предназначен для преподавателей, авторов учебных пособий, администрации вузов и учреждений довузовского обучения, специалистов в области международного образования. 
606 1 |a Русский язык  |x Для других народов  |x Учебные руководства и пособия  |2 stltpush  |3 (RuTPU)RU\TPU\subj\26400  |9 50340 
610 1 |a лексика 
610 1 |a грамматика 
610 1 |a аудирование 
610 1 |a чтение 
610 1 |a говорение 
610 1 |a письмо 
610 1 |a тестирование 
610 1 |a тесты 
610 1 |a CD-ROM 
686 |a Ш141.2-96  |v LBC/SL-A  |2 rubbk 
701 1 |a Андрюшина  |b Н. П. 
701 1 |a Битехтина  |b Н. П. 
701 1 |a Владимирова  |b Г. А. 
701 1 |a Клобукова  |b Т. Е. 
701 1 |a Красильникова  |b Л. В. 
701 1 |a Нахабина  |b М. М. 
701 1 |a Степаненко  |b В. А. 
801 1 |a RU  |b 63413507  |c 20130110 
801 2 |a RU  |b 63413507  |c 20210413  |g RCR 
900 |a Русский язык как иностранный 
942 |c BK 
959 |a 49/20160705  |d 5  |e 0  |f УФ:5